书目信息 |
| 题名: |
与孔子的对话:涅磐的风凰
|
|
| 作者: | 胡文飞 著 | |
| 分册: | ||
| 出版信息: | 北京 宗教文化出版社 1997.12 |
|
| 页数: | 381页 | |
| 开本: | 32开 | |
| 丛书名: | ||
| 单 册: | ||
| 中图分类: | B222.3 | |
| 科图分类: | ||
| 主题词: | 先秦哲学 | |
| 电子资源: | ||
| ISBN: | 7-80123-129-5 | |
| 000 | 00565nam0 2200193 45 | |
| 001 | 0103290927 | |
| 005 | 20010329100102.8 | |
| 010 | @a7-80123-129-5@d22.60元 | |
| 100 | @a20010329d1997 km y0chiy0120 ea | |
| 101 | 0 | @achi |
| 105 | @a z 000yy | |
| 200 | 1 | @a与孔子的对话:涅磐的风凰@AYu Kong Zi De Dui Hua:Nie Pan De Feng Huang@f胡文飞著@FHu Wen Fei Zhu |
| 210 | @a北京@c宗教文化出版社@d1997.12 | |
| 215 | @a381页@d32开 | |
| 606 | 0 | @a先秦哲学 |
| 690 | @aB222.3@v3 | |
| 701 | 0 | @a胡文飞@4著 |
| 801 | @aCN@bPftUser@c20010329 | |
| 905 | @b333520-521@dB222.3@eH862@f2 | |
| 与孔子的对话:涅磐的风凰/胡文飞著.-北京:宗教文化出版社,1997.12 |
| 381页;32开 |
| ISBN 7-80123-129-5:22.60元 |
| ● |
| 相关链接 |
|
|
|
正题名:与孔子的对话:涅磐的风凰
索取号:B222.3/H862
 
预约/预借
| 序号 | 登录号 | 条形码 | 馆藏地/架位号 | 状态 | 备注 |
| 1 | 333520 | 203335202 | 社科库509/422社科库 46排1列3层/ [索取号:B222.3/H862] | 在馆 | |
| 2 | 333521 | 203335211 | 社科库509/422社科库 46排1列1层/ [索取号:B222.3/H862] | 在馆 |